Personajes para una historia de la psicología en España / (Record no. 169271)

MARC details
000 -LEADER
campo de control de longitud fija 00947nam a2200265 i 4500
001 - NÚMERO DE CONTROL
campo de control 169271
003 - IDENTIFICADOR DE NÚMERO DE CONTROL
campo de control ES-MaACL
005 - FECHA Y HORA DE LA ÚLTIMA TRANSACCIÓN
campo de control 20250822031948.0
008 - DATOS DE LONGITUD FIJA--INFORMACIÓN GENERAL
campo de control de longitud fija 080827s1996 sp |||| | spa d
017 ## - NÚMERO DE COPYRIGHT O DE DEPÓSITO LEGAL
Número de copyright o de depósito legal M-6.131-1996
020 ## - NÚMERO INTERNACIONAL ESTÁNDAR DEL LIBRO
Número Internacional Estándar del Libro 84-368-0946-7
080 ## - NÚMERO DE LA CLASIFICACIÓN DECIMAL UNIVERSAL
Número de la Clasificación Decimal Universal 929(460):159.9
245 00 - MENCIÓN DEL TÍTULO
Título Personajes para una historia de la psicología en España /
Mención de responsabilidad, etc. Milagros Saiz, Dolores Saiz (coordinadoras).
260 ## - PUBLICACIÓN, DISTRIBUCIÓN, ETC.
Lugar de publicación, distribución, etc. Madrid :
Nombre del editor, distribuidor, etc. Pirámide ;
Lugar de publicación, distribución, etc. Barcelona :
Nombre del editor, distribuidor, etc. Universitat Autònoma de Barcelona, Servei de Publicacions,
Fecha de publicación, distribución, etc. 1996.
300 ## - DESCRIPCIÓN FÍSICA
Extensión 524 p. ;
Dimensiones 23 cm.
490 1# - MENCIÓN DE SERIE
Mención de serie Psicología Pirámide
504 ## - NOTA DE BIBLIOGRAFÍA, ETC.
Nota de bibliografía, etc. Bibliografía.
650 14 - PUNTO DE ACCESO ADICIONAL DE MATERIA--TÉRMINO DE MATERIA
Término de materia o nombre geográfico como elemento de entrada Psicólogos-
Subdivisión geográfica España.
9 (RLIN) 138366
650 14 - PUNTO DE ACCESO ADICIONAL DE MATERIA--TÉRMINO DE MATERIA
Término de materia o nombre geográfico como elemento de entrada Psicología-
Subdivisión geográfica España-
Subdivisión de forma Historia
9 (RLIN) 16544
700 1# - ENTRADA AGREGADA--NOMBRE PERSONAL
Nombre de persona Sáiz Roca, Milagros.
9 (RLIN) 138367
700 1# - ENTRADA AGREGADA--NOMBRE PERSONAL
Nombre de persona Sáiz Roca, Dolores.
9 (RLIN) 138368
830 0# - PUNTO DE ACCESO ADICIONAL DE SERIE-TÍTULO UNIFORME
Título uniforme Psicología Pirámide
9 (RLIN) 222810
852 4# - LOCALIZACIÓN
Ubicación ES-MaACL
Número de control de estantería L-29735
itemnumber R.143866
Holdings
Estatus retirado Estado de pérdida Estado de daño No para préstamo Biblioteca de origen Biblioteca actual Ubicación en estantería Fecha de adquisición Fuente de adquisición Total de préstamos Signatura topográfica completa Código de barras Visto por última vez Precio de reemplazo Tipo de ítem Koha
        Biblioteca del Ateneo de Madrid Biblioteca del Ateneo de Madrid Depósito 2 27/08/2008     L-29735 1177714 23/02/2023 23/02/2023 Libro impreso